00643nam a2200157Ia 4500008004100000020001800041050001800059100001700077245007300094260002700167300001800194650009700212700005200309952010700361999001700468120626s9999 xx 000 0 und d a970-10-5899-2 aC QA76.76 D47 aKIMMEL, Paul aManual de UML / Paul Kimmel; tr. José Hernán Pérez Castellanos aMéxico : McGraw Hill aXVIII, 236 p. a1. UML -- COMPUTACIÓN 2. SOFTWARE DE COMPUTADORA -- DESARROLLO 3. UML (COMPUTER SCIENCE) aI. Pérez Castellanos, José Hernán, tr.Ì 00104070a09b09d2007-05-08l1oC QA76.76 D47p09 001769r2015-09-22s2015-09-22t1w2012-06-26yLB c63918d63918